Applied plasticity, second edition / (Record no. 13416)

MARC details
000 -LEADER
fixed length control field 01005cam a22002775a 4500
001 - CONTROL NUMBER
control field 15863436
005 - DATE AND TIME OF LATEST TRANSACTION
control field 20091211132535.0
008 - FIXED-LENGTH DATA ELEMENTS--GENERAL INFORMATION
fixed length control field 090811s2009 nyu 000 0 eng
010 ## - LIBRARY OF CONGRESS CONTROL NUMBER
LC control number 2009934696
Canceled/invalid LC control number 2009921119
020 ## - INTERNATIONAL STANDARD BOOK NUMBER
International Standard Book Number 9780387776736 (hardcover)
040 ## - CATALOGING SOURCE
Original cataloging agency DLC
Transcribing agency DLC
082 ## - DEWEY DECIMAL CLASSIFICATION NUMBER
Edition number 21
Classification number 620.11233
Item number CHA
100 1# - MAIN ENTRY--PERSONAL NAME
Personal name Chakrabarty, Jagabandhu.
9 (RLIN) 11484
245 10 - TITLE STATEMENT
Title Applied plasticity, second edition /
Statement of responsibility, etc Jagabandhu Chakrabarty.
250 ## - EDITION STATEMENT
Edition statement 2nd ed.
260 ## - PUBLICATION, DISTRIBUTION, ETC. (IMPRINT)
Place of publication, distribution, etc New York :
Name of publisher, distributor, etc Springer,
Date of publication, distribution, etc c.2009.
263 ## - PROJECTED PUBLICATION DATE
Projected publication date 0909
300 ## - PHYSICAL DESCRIPTION
Extent 755p:
Other physical details ill;
Dimensions 25cm.
490 0# - Series Statement
Series statement Mechanical engineering series ;
Volume/sequential designation 1161
500 ## - GENERAL NOTE
General note Includes Index.
650 ## - SUBJECT ADDED ENTRY--TOPICAL TERM
Topical term or geographic name as entry element Plastic analysis (Engineering)
9 (RLIN) 11485
650 ## - SUBJECT ADDED ENTRY--TOPICAL TERM
Topical term or geographic name as entry element Mechanical engineering series (Berlin, Germany)
9 (RLIN) 11486
942 ## - ADDED ENTRY ELEMENTS (KOHA)
Source of classification or shelving scheme Dewey Decimal Classification
Item type Book - Borrowing
Holdings
Withdrawn status Item status Source of classification or shelving scheme Damaged status Not for loan Vendor Home library Current library Shelving location Date acquired Source of acquisition Cost, normal purchase price Serial Enumeration / chronology Total Checkouts Full call number Barcode Date last seen Koha item type
    Dewey Decimal Classification     Alahram Central Library Central Library First floor 18/02/2010   635.00 29   620.11233 CHA 000019927 15/07/2025 Book - Borrowing